[Event "FIN-chT1A 1819"]
[Site "Finland"]
[Date "2018.11.10"]
[Round "3.8"]
[White "Aaltio, Erkki"]
[Black "Nyrhinen, Harri"]
[Result "0-1"]
[WhiteElo "2038"]
[BlackElo "2000"]
[PlyCount "41"]
[EventDate "2018.09.15"]
[EventType "team-tourn"]
[EventRounds "7"]
[EventCountry "FIN"]
[SourceTitle "EXT 2020"]
[Source "ChessBase"]
[SourceDate "2019.10.17"]
[SourceVersion "1"]
[SourceVersionDate "2019.10.17"]
[SourceQuality "1"]
[WhiteTeam "Helsinki HSK"]
[BlackTeam "Helsinki LauttSK"]
[WhiteTeamCountry "FIN"]
[BlackTeamCountry "FIN"]

1. d4 Nf6 2. Nf3 d6 3. g3 g6 4. Bg2 Bg7 5. 0-0 0-0 6. c4 c6 7. Nc3 Qc7 8. h3 e5 9. Bg5 h6 10. Be3 Bf5 11. Qc1 Kh7 12. g4 Bd7 13. c5 exd4 14. cxd6 Qxd6 15. Bxd4 Re8 16. Rd1 Qe7 17. g5 hxg5 18. Nxg5+ Kg8 19. Qf4 Nh5 20. Qh4 Bh6 21. Nce4 0-1

[Event "FIN-chT2 Gp1 1617"]
[Site "Finland"]
[Date "2016.12.10"]
[Round "4.1"]
[White "Aaltio, Erkki"]
[Black "Keinanen, Anastasia"]
[Result "0-1"]
[WhiteElo "2079"]
[BlackElo "1897"]
[PlyCount "68"]
[EventDate "2016.09.17"]
[EventType "team-tourn"]
[EventRounds "7"]
[EventCountry "FIN"]
[SourceTitle "EXT 2019"]
[Source "ChessBase"]
[SourceDate "2018.10.10"]
[SourceVersion "1"]
[SourceVersionDate "2018.10.10"]
[SourceQuality "1"]
[WhiteTeam "Helsinki HSK III"]
[BlackTeam "Espoo ESK"]
[WhiteTeamCountry "FIN"]
[BlackTeamCountry "FIN"]

1. d4 d5 2. c4 c6 3. Nc3 Nf6 4. e3 e6 5. Nf3 Be7 6. Bd3 Nbd7 7. 0-0 0-0 8. b3 b6 9. Bb2 Bb7 10. Qe2 c5 11. cxd5 Nxd5 12. Ba6 Bxa6 13. Qxa6 N7f6 14. Rac1 Qc8 15. Qe2 Qb7 16. Na4 cxd4 17. Bxd4 Rac8 18. h3 Rfd8 19. Bb2 Ne4 20. Rxc8 Rxc8 21. Rc1 Rxc1+ 22. Bxc1 b5 23. Nb2 Ndc3 24. Qc2 Nxa2 25. Nd3 Nxc1 26. Qxc1 g6 27. Qc2 Bf6 28. Nc5 Nxc5 29. Qxc5 a5 30. e4 a4 31. e5 Be7 32. Qd4 a3 33. Nd2 Qd5 34. Qc3 a2 0-1

[Event "FIN-chT1B 1617"]
[Site "Finland"]
[Date "2016.09.18"]
[Round "2.4"]
[White "Aaltio, Erkki"]
[Black "Salimaki, Janne"]
[Result "0-1"]
[WhiteElo "2079"]
[BlackElo "2108"]
[PlyCount "84"]
[EventDate "2016.09.17"]
[EventType "team-tourn"]
[EventRounds "7"]
[EventCountry "FIN"]
[SourceTitle "EXT 2019"]
[Source "ChessBase"]
[SourceDate "2018.10.10"]
[SourceVersion "1"]
[SourceVersionDate "2018.10.10"]
[SourceQuality "1"]
[WhiteTeam "Helsinki HSK II"]
[BlackTeam "Espoo MatSK II"]
[WhiteTeamCountry "FIN"]
[BlackTeamCountry "FIN"]

1. d4 Nf6 2. c4 g6 3. Nc3 d5 4. e3 Bg7 5. Nf3 0-0 6. Qb3 e6 7. Be2 b6 8. cxd5 Nxd5 9. Nxd5 exd5 10. 0-0 Be6 11. Qc2 Nd7 12. b3 c5 13. Ba3 a5 14. Rac1 a4 15. bxa4 Ra5 16. Bb5 Qa8 17. Bb2 Rc8 18. Qe2 Nf6 19. Ne5 Ne4 20. f3 Nd6 21. Bc3 Ra7 22. Rc2 Rac7 23. Rb2 c4 24. Re1 Bf5 25. Ng4 Bxg4 26. fxg4 Ne4 27. Rc2 Bf8 28. Rf1 Bd6 29. Qe1 Re7 30. Bb4 Qb8 31. Bxd6 Nxd6 32. Qh4 Rxe3 33. Qg5 Re4 34. Qxd5 Rxg4 35. h3 Rh4 36. Bxc4 Rh5 37. Qxd6 Qxd6 38. Bxf7+ Kg7 39. Rxc8 Qxd4+ 40. Kh2 Qe5+ 41. Kh1 Rf5 42. Rxf5 Qxf5 0-1

[Event "FIN-chT1A 1516"]
[Site "Finland"]
[Date "2015.10.10"]
[Round "3.5"]
[White "Aaltio, Erkki"]
[Black "Laukkanen, Jere"]
[Result "0-1"]
[WhiteElo "2104"]
[BlackElo "1976"]
[PlyCount "72"]
[EventDate "2015.09.12"]
[EventType "team-tourn"]
[EventRounds "8"]
[EventCountry "FIN"]
[SourceTitle "EXT 2017"]
[Source "ChessBase"]
[SourceDate "2016.10.25"]
[SourceVersion "1"]
[SourceVersionDate "2016.10.25"]
[SourceQuality "1"]
[WhiteTeam "Helsinki HSK II"]
[BlackTeam "Vaasa VSS"]
[WhiteTeamCountry "FIN"]
[BlackTeamCountry "FIN"]

1. d4 Nf6 2. c4 e6 3. Nc3 Bb4 4. f3 c5 5. d5 0-0 6. e4 d6 7. Bd2 exd5 8. cxd5 Nh5 9. g3 f5 10. Bg2 Nf6 11. exf5 Bxf5 12. Nge2 Nbd7 13. 0-0 Re8 14. Nf4 Ne5 15. g4 Bg6 16. Nxg6 hxg6 17. Bg5 c4 18. Kh1 Bxc3 19. bxc3 Qa5 20. Bxf6 gxf6 21. Qd4 Qc5 22. Qd2 Kg7 23. h3 Nd3 24. f4 Re7 25. Bf3 Rae8 26. h4 Qe3 27. Qxe3 Rxe3 28. f5 Ne5 29. Bd1 Rh3+ 30. Kg2 Rxh4 31. fxg6 Reh8 32. Rf4 Rh1 33. Rd4 Re1 34. Rb1 b6 35. Rb4 Nd3 36. Rbxc4 Rxd1 0-1

[Event "FIN-chT1B 1415"]
[Site "Finland"]
[Date "2015.03.14"]
[Round "7.5"]
[White "Aaltio, Erkki"]
[Black "Wilen, Eero"]
[Result "1/2-1/2"]
[WhiteElo "2110"]
[BlackElo "2072"]
[PlyCount "74"]
[EventDate "2014.09.27"]
[EventType "team-tourn"]
[EventRounds "7"]
[EventCountry "FIN"]
[SourceTitle "EXT 2017"]
[Source "ChessBase"]
[SourceDate "2016.10.25"]
[SourceVersion "1"]
[SourceVersionDate "2016.10.25"]
[SourceQuality "1"]
[WhiteTeam "Helsinki HSK II"]
[BlackTeam "Helsinki HSK"]
[WhiteTeamCountry "FIN"]
[BlackTeamCountry "FIN"]

1. d4 Nf6 2. c4 e6 3. Nc3 Bb4 4. f3 d5 5. a3 Bxc3+ 6. bxc3 c5 7. cxd5 exd5 8. e3 0-0 9. Bd3 b6 10. Ne2 Ba6 11. 0-0 Bxd3 12. Qxd3 Re8 13. Ng3 Nc6 14. Rd1 Qe7 15. Re1 Rad8 16. Ra2 Qd7 17. Rae2 Re6 18. dxc5 bxc5 19. Rd1 Ne5 20. Qc2 c4 21. e4 Nd3 22. Bg5 h6 23. Bxf6 Rxf6 24. exd5 Qxd5 25. Qa4 Qc5+ 26. Kf1 Re6 27. Ne4 Qc7 28. g3 f5 29. Nf2 Rxe2 30. Kxe2 Qe5+ 31. Kf1 Qxc3 32. Qxa7 Re8 33. Qd7 Re1+ 34. Kg2 Rxd1 35. Qc8+ Kf7 36. Qxf5+ Ke8 37. Qc8+ Kf7 1/2-1/2

[Event "Helsinki We Ilkka Kanko 70"]
[Site "Helsinki"]
[Date "2015.01.25"]
[Round "5"]
[White "Alkkiomaki, Jyrki"]
[Black "Aaltio, Erkki"]
[Result "1/2-1/2"]
[WhiteElo "1942"]
[BlackElo "2096"]
[PlyCount "30"]
[EventDate "2015.01.23"]
[EventType "swiss"]
[EventRounds "5"]
[EventCountry "FIN"]
[SourceTitle "EXT 2022"]
[Source "ChessBase"]
[SourceDate "2021.10.06"]
[SourceVersion "1"]
[SourceVersionDate "2021.10.06"]
[SourceQuality "1"]

1. e4 c6 2. d4 d5 3. exd5 cxd5 4. c4 Nf6 5. Nc3 Nc6 6. Nf3 e6 7. Bd3 Bb4 8. 0-0 0-0 9. Bg5 Be7 10. Re1 h6 11. Bh4 dxc4 12. Bxc4 Nd5 13. Bxe7 Ncxe7 14. Rc1 a6 15. Nxd5 Nxd5 1/2-1/2

[Event "Helsinki We Ilkka Kanko 70"]
[Site "Helsinki"]
[Date "2015.01.24"]
[Round "2"]
[White "Kiviaho, Allan"]
[Black "Aaltio, Erkki"]
[Result "1/2-1/2"]
[WhiteElo "2123"]
[BlackElo "2096"]
[PlyCount "42"]
[EventDate "2015.01.23"]
[EventType "swiss"]
[EventRounds "5"]
[EventCountry "FIN"]
[SourceTitle "EXT 2022"]
[Source "ChessBase"]
[SourceDate "2021.10.06"]
[SourceVersion "1"]
[SourceVersionDate "2021.10.06"]
[SourceQuality "1"]

1. d4 d5 2. c4 c6 3. Nf3 Nf6 4. Nc3 dxc4 5. a4 Bf5 6. e3 e6 7. Bxc4 Bb4 8. 0-0 0-0 9. Qe2 Bg4 10. h3 Bh5 11. Rd1 Nbd7 12. e4 Qa5 13. Bd2 e5 14. g4 exd4 15. Nxd4 Bg6 16. Nf5 Rfe8 17. f3 Rad8 18. Kg2 Bxf5 19. gxf5 Ne5 20. Bb3 Nd3 21. Bc1 Nxc1 1/2-1/2

[Event "Helsinki We HSK 1st 60+60"]
[Site "Helsinki"]
[Date "2014.??.??"]
[Round "4"]
[White "Auvinen, Esa"]
[Black "Aaltio, Erkki"]
[Result "0-1"]
[WhiteElo "1962"]
[BlackElo "2110"]
[PlyCount "44"]
[EventDate "2014.??.??"]
[EventType "swiss"]
[EventRounds "5"]
[EventCountry "FIN"]
[SourceTitle "EXT 2022"]
[Source "ChessBase"]
[SourceDate "2021.10.06"]
[SourceVersion "1"]
[SourceVersionDate "2021.10.06"]
[SourceQuality "1"]

1. e4 e6 2. d4 d5 3. exd5 exd5 4. c4 Nf6 5. Nc3 g6 6. Nf3 Bg7 7. Bf4 0-0 8. c5 Nc6 9. Bb5 Bg4 10. Bxc6 bxc6 11. 0-0 Nh5 12. Be3 f5 13. Qa4 Bxf3 14. gxf3 f4 15. Bd2 Qd7 16. Rfe1 Rae8 17. Ne2 Qh3 18. Qa3 Rf5 19. Kh1 Qh4 20. Rg1 Qxf2 21. Rg2 Qh4 22. Rg4 Qf6 0-1

[Event "Helsinki We KapSK A"]
[Site "Helsinki"]
[Date "2012.11.25"]
[Round "4"]
[White "Haanpaa, Jorma"]
[Black "Aaltio, Erkki"]
[Result "1/2-1/2"]
[WhiteElo "2018"]
[BlackElo "2131"]
[PlyCount "52"]
[EventDate "2012.11.23"]
[EventType "swiss"]
[EventRounds "5"]
[EventCountry "FIN"]
[SourceTitle "EXT 2022"]
[Source "ChessBase"]
[SourceDate "2021.10.06"]
[SourceVersion "1"]
[SourceVersionDate "2021.10.06"]
[SourceQuality "1"]

1. e4 c6 2. d4 d5 3. exd5 cxd5 4. c4 Nf6 5. Nc3 Nc6 6. Bf4 e6 7. c5 Be7 8. Bb5 0-0 9. Nf3 Ne4 10. Qc2 f5 11. Bxc6 bxc6 12. Ne5 Qe8 13. f3 Nxc3 14. Qxc3 Bf6 15. Nd3 Rf7 16. Kf2 a5 17. Rhe1 g5 18. Be5 Bd8 19. Kg1 Ba6 20. Nf2 Bc8 21. b3 Rb7 22. a3 Qg6 23. Rab1 Bd7 24. Qc2 Be8 25. Re2 f4 26. Qd1 h5 1/2-1/2

[Event "Helsinki We KapSK A"]
[Site "Helsinki"]
[Date "2012.11.25"]
[Round "5"]
[White "Kumpulainen, Jari"]
[Black "Aaltio, Erkki"]
[Result "1/2-1/2"]
[WhiteElo "1969"]
[BlackElo "2131"]
[PlyCount "43"]
[EventDate "2012.11.23"]
[EventType "swiss"]
[EventRounds "5"]
[EventCountry "FIN"]
[SourceTitle "EXT 2022"]
[Source "ChessBase"]
[SourceDate "2021.10.06"]
[SourceVersion "1"]
[SourceVersionDate "2021.10.06"]
[SourceQuality "1"]

1. e4 c6 2. c4 d5 3. cxd5 cxd5 4. exd5 Nf6 5. Nc3 Nbd7 6. Bb5 g6 7. Nf3 Bg7 8. 0-0 0-0 9. Qb3 a6 10. Be2 b6 11. d4 Bb7 12. Bg5 h6 13. Bh4 g5 14. Bg3 Nh5 15. Be5 Ndf6 16. Rfe1 Nf4 17. Bxf4 gxf4 18. Ne5 Nxd5 19. Nxf7 Rxf7 20. Bc4 Rf5 21. Bd3 Rf7 22. Bc4 1/2-1/2

[Event "Helsinki We KapSK A"]
[Site "Helsinki"]
[Date "2012.11.24"]
[Round "3"]
[White "Aaltio, Erkki"]
[Black "Luukkonen, Tommi"]
[Result "0-1"]
[WhiteElo "2131"]
[BlackElo "2252"]
[PlyCount "112"]
[EventDate "2012.11.23"]
[EventType "swiss"]
[EventRounds "5"]
[EventCountry "FIN"]
[SourceTitle "EXT 2022"]
[Source "ChessBase"]
[SourceDate "2021.10.06"]
[SourceVersion "1"]
[SourceVersionDate "2021.10.06"]
[SourceQuality "1"]

1. d4 Nf6 2. Nf3 e6 3. g3 c5 4. Bg2 cxd4 5. Nxd4 d5 6. 0-0 e5 7. Nb3 Nc6 8. Bg5 Be6 9. Nc3 d4 10. Ne4 Be7 11. Nec5 Bc8 12. e3 0-0 13. exd4 exd4 14. Re1 h6 15. Bd2 a5 16. a4 Bg4 17. Qc1 b6 18. Nd3 Rc8 19. Bxc6 Rxc6 20. Ne5 Re6 21. Nxg4 Nxg4 22. Qd1 Rxe1+ 23. Bxe1 Ne5 24. f4 Nc4 25. Bf2 Bc5 26. Nxc5 bxc5 27. b3 Nb6 28. Qd3 Nd5 29. Re1 Qd7 30. Kg2 Rc8 31. Re5 Qc6 32. Qf3 Nb4 33. Re2 f5 34. Qxc6 Rxc6 35. Rd2 Kf7 36. Kf3 Re6 37. h3 Re4 38. Kg2 Ke6 39. Kf1 g5 40. fxg5 hxg5 41. Be1 f4 42. gxf4 gxf4 43. Re2 Rxe2 44. Kxe2 Nxc2 45. Bxa5 Na1 46. Bd2 Nxb3 47. Bxf4 c4 48. Bd2 Kf5 49. Bb4 Ke4 50. a5 c3 51. a6 d3+ 52. Kf2 c2 53. a7 c1Q 54. a8Q+ Kd4 55. Qa4 Qc2+ 56. Kg3 Ke3 0-1

[Event "FIN-chT1B 1112"]
[Site "Finland"]
[Date "2011.10.15"]
[Round "2"]
[White "Aaltio, Erkki"]
[Black "Peltomaa, Jukka"]
[Result "1-0"]
[WhiteElo "2133"]
[BlackElo "1951"]
[PlyCount "55"]
[EventDate "2011.09.17"]
[EventType "team-tourn"]
[EventRounds "7"]
[EventCountry "FIN"]
[SourceTitle "EXT 2019"]
[Source "ChessBase"]
[SourceDate "2018.10.10"]
[SourceVersion "1"]
[SourceVersionDate "2018.10.10"]
[SourceQuality "1"]
[WhiteTeam "Helsinki HSK II"]
[BlackTeam "Raahe Li"]
[WhiteTeamCountry "FIN"]
[BlackTeamCountry "FIN"]

1. d4 Nf6 2. c4 e6 3. Nc3 Bb4 4. f3 d5 5. a3 Bxc3+ 6. bxc3 c5 7. cxd5 Nxd5 8. dxc5 Qa5 9. e4 Ne7 10. Be3 Nd7 11. Qb3 Qc7 12. Qc4 0-0 13. Nh3 e5 14. Nf2 Nf6 15. Be2 Be6 16. Qb5 Nc6 17. 0-0 Na5 18. Rab1 Rfd8 19. g3 Nd7 20. Rfd1 Rac8 21. f4 f6 22. Rd6 a6 23. Qb4 Bf7 24. Rbd1 Nc6 25. Qa4 Ndb8 26. Bg4 Rxd6 27. cxd6 Qd8 28. d7 1-0

[Event "Espoo We MatSK op"]
[Site "Espoo"]
[Date "2010.03.02"]
[Round "5"]
[White "Sandvik, Thomas"]
[Black "Aaltio, Erkki"]
[Result "1/2-1/2"]
[WhiteElo "2047"]
[BlackElo "2170"]
[PlyCount "46"]
[EventDate "2010.02.26"]
[EventType "swiss"]
[EventRounds "5"]
[EventCountry "FIN"]
[SourceTitle "EXT 2012"]
[Source "ChessBase"]
[SourceDate "2011.11.24"]
[SourceVersion "1"]
[SourceVersionDate "2011.11.24"]
[SourceQuality "1"]

1. e4 c6 2. d4 d5 3. e5 Bf5 4. Nc3 e6 5. g4 Bg6 6. Nge2 c5 7. Be3 Nc6 8. dxc5 Nxe5 9. Nd4 Nc6 10. Nb3 h5 11. gxh5 Bxh5 12. Be2 Bg6 13. Qd2 Nf6 14. 0-0-0 Be7 15. Kb1 Rc8 16. f3 Kf8 17. Nb5 Nd7 18. Bd3 Bxd3 19. cxd3 b6 20. cxb6 axb6 21. Rc1 Ndb8 22. Qf2 Nd7 23. a3 Kg8 1/2-1/2

[Event "FIN-chT1B 0910"]
[Site "Finland"]
[Date "2010.02.13"]
[Round "6.6"]
[White "Aaltio, Erkki"]
[Black "Lansimaki, Ville"]
[Result "1-0"]
[WhiteElo "2144"]
[BlackElo "1933"]
[PlyCount "81"]
[EventDate "2009.09.19"]
[EventType "team-tourn"]
[EventRounds "9"]
[EventCountry "FIN"]
[SourceTitle "EXT 2022"]
[Source "ChessBase"]
[SourceDate "2021.10.06"]
[SourceVersion "1"]
[SourceVersionDate "2021.10.06"]
[SourceQuality "1"]
[WhiteTeam "Helsinki HSK II"]
[BlackTeam "Vantaa Remi"]
[WhiteTeamCountry "FIN"]
[BlackTeamCountry "FIN"]

1. d4 Nf6 2. c4 e6 3. Nc3 d5 4. Nf3 Be7 5. Bg5 Nbd7 6. e3 0-0 7. Bd3 Re8 8. 0-0 c6 9. Re1 dxc4 10. Bxc4 b5 11. Bd3 b4 12. Na4 c5 13. dxc5 Bb7 14. Bb5 a6 15. Bxd7 Nxd7 16. Bxe7 Qxe7 17. Qd6 Rac8 18. Rac1 Bxf3 19. Qxe7 Rxe7 20. gxf3 Ne5 21. Red1 Nxf3+ 22. Kg2 Nh4+ 23. Kf1 Kf8 24. Rd4 Nf3 25. Rxb4 Rec7 26. Ke2 Ne5 27. Rh4 h6 28. b4 Rb8 29. a3 a5 30. Rb1 axb4 31. axb4 Ra7 32. b5 Ra5 33. Rhb4 Rba8 34. Nb6 Ra2+ 35. R1b2 Rxb2+ 36. Rxb2 Ra7 37. f4 Ng4 38. c6 Ke7 39. Nd7 Rxd7 40. cxd7 Kxd7 41. Rc2 1-0

[Event "FIN-chT1A 0910"]
[Site "Finland"]
[Date "2009.09.20"]
[Round "3.1"]
[White "Pudas, Teemu"]
[Black "Aaltio, Erkki"]
[Result "0-1"]
[WhiteElo "2178"]
[BlackElo "2144"]
[PlyCount "66"]
[EventDate "2009.09.19"]
[EventType "team-tourn"]
[EventRounds "7"]
[EventCountry "FIN"]
[SourceTitle "EXT 2022"]
[Source "ChessBase"]
[SourceDate "2021.10.06"]
[SourceVersion "1"]
[SourceVersionDate "2021.10.06"]
[SourceQuality "1"]
[WhiteTeam "Espoo SK"]
[BlackTeam "Helsinki HSK III"]
[WhiteTeamCountry "FIN"]
[BlackTeamCountry "FIN"]

1. e4 c6 2. c4 d5 3. cxd5 cxd5 4. exd5 Nf6 5. Qa4+ Nbd7 6. Nc3 g6 7. Bc4 Bg7 8. Nf3 0-0 9. d3 a6 10. Qa3 b6 11. 0-0 Bb7 12. Re1 b5 13. Bb3 Re8 14. d6 e6 15. Ng5 Qb6 16. Qb4 Qc6 17. Nge4 Nd5 18. Nxd5 exd5 19. Ng5 a5 20. Qd2 Qxd6 21. Re3 a4 22. Bd1 h6 23. Nf3 d4 24. Rxe8+ Rxe8 25. b3 Bc6 26. bxa4 bxa4 27. Rb1 Ne5 28. Ne1 h5 29. Rb6 Qc5 30. Rb1 Ng4 31. Nc2 Qd5 32. Bf3 Qe5 33. Bxg4 hxg4 0-1

[Event "EU-chT Seniors 11th"]
[Site "Velden"]
[Date "2009.04.10"]
[Round "6"]
[White "Aaltio, Erkki"]
[Black "Kirmas, Joachim"]
[Result "1-0"]
[WhiteElo "2100"]
[BlackElo "2134"]
[PlyCount "83"]
[EventDate "2009.04.05"]
[EventType "team-swiss"]
[EventRounds "9"]
[EventCountry "AUT"]
[SourceTitle "CBM 129 Extra"]
[Source "ChessBase"]
[SourceDate "2009.05.05"]
[SourceVersion "2"]
[SourceVersionDate "2009.05.20"]
[SourceQuality "1"]

1. d4 Nf6 2. c4 g6 3. Nc3 Bg7 4. e4 d6 5. Bd3 0-0 6. Nge2 Nc6 7. f3 e5 8. d5 Nb4 9. Bb1 a5 10. Be3 Bd7 11. Qd2 Qc8 12. 0-0 h5 13. Nd1 Kh7 14. a3 Na6 15. Qxa5 Nc5 16. Qc3 b6 17. Bc2 Ng8 18. Ng3 Nh6 19. Qe1 Qa6 20. b3 b5 21. b4 Na4 22. c5 c6 23. Bxa4 bxa4 24. Nc3 dxc5 25. Bxc5 Rfe8 26. Rd1 f5 27. dxc6 Bxc6 28. exf5 Nxf5 29. Nxf5 gxf5 30. Qh4 Re6 31. Nd5 Bxd5 32. Rxd5 Kg6 33. Rfd1 Rae8 34. Rd7 Bf6 35. Qg3+ Kh6 36. Qe1 Be7 37. Qd2+ Bg5 38. Qc2 e4 39. R1d6 Qa8 40. Qc4 Qc8 41. fxe4 Be3+ 42. Bxe3+ 1-0

[Event "EU-chT Seniors 11th"]
[Site "Velden"]
[Date "2009.04.06"]
[Round "2"]
[White "Aaltio, Erkki"]
[Black "Wicklund Hansen, Richard"]
[Result "1-0"]
[WhiteElo "2100"]
[BlackElo "1840"]
[PlyCount "73"]
[EventDate "2009.04.05"]
[EventType "team-swiss"]
[EventRounds "9"]
[EventCountry "AUT"]
[SourceTitle "CBM 129 Extra"]
[Source "ChessBase"]
[SourceDate "2009.05.05"]
[SourceVersion "2"]
[SourceVersionDate "2009.05.20"]
[SourceQuality "1"]

1. d4 b5 2. e4 Bb7 3. f3 a6 4. Be3 e6 5. Bd3 Nf6 6. Ne2 d5 7. e5 Nfd7 8. 0-0 c5 9. c3 Nc6 10. Nd2 Qb6 11. f4 cxd4 12. cxd4 Be7 13. Nf3 Rc8 14. Rc1 0-0 15. Bb1 Rfe8 16. Qe1 Nf8 17. Qg3 f6 18. Qh3 Nd8 19. exf6 Bxf6 20. Ng5 h6 21. Nf3 Nf7 22. g4 Rxc1 23. Rxc1 Nd6 24. g5 hxg5 25. fxg5 Bd8 26. Qh5 e5 27. Ng3 e4 28. Nh4 Nf7 29. Rf1 g6 30. Qg4 Ne5 31. Qf4 Nf3+ 32. Nxf3 Ne6 33. Qg4 exf3 34. Bxg6 Rf8 35. Bf5 Ng7 36. Rxf3 Bc7 37. Bh7+ 1-0